| 000 | 00437nam a2200181Ia 4500 | ||
|---|---|---|---|
| 005 | 20240823012130.0 | ||
| 008 | 240823s9999||||xx |||||||||||||| ||und|| | ||
| 041 | _aENGLISH | ||
| 082 | _A621.381 P2 | ||
| 100 | _a"Jacob,Michael J" | ||
| 245 | 0 | _aPower Electronics | |
| 250 | _a1st | ||
| 260 |
_c2002 _b"Thomson,Australia" |
||
| 500 | _aTRANSFERED | ||
| 650 |
_aPower Electronics _bInstrumentation |
||
| 942 | _cBK | ||
| 999 |
_c163523 _d163523 |
||